00834nam a2200253 i 4500001001000000003000900010005001700019007000300036008004100039040003000080041000800110082002400118100005200142245006300194264005100257300002800308336002700336337003300363338002800396490004100424500006400465650002400529650002700553000017286DO-SdBNP20250401134951.0ta100322s1986 dr 000 j spa d aDO-SdBNPbspacBNPHUerda aspa 4aRD863.44bV443c2221 aVeloz Maggiolo, Marcio,d1936-2021eautor4aut.10aCuentos, recuentos y casicuentos /cMarcio Veloz Maggiolo. 4aSanto Domingo :bEdiciones de Taller,c©1986. a103 páginas ;c21 cm. atextobtxt2rdacontent asin mediaciónbn2rdamedia avolumenbnc2rdacarrier0 aColección Biblioteca Taller ;v228 aIncluye datos biográficos del autor en la contracubierta. 4aCuentos dominicanos 4aLiteratura dominicana.